000 00740nam a2200253 a 4500
001 37364
003 BD-RjUL
005 20211209052613.0
008 141203r20022000ii a|||| |||| 001 0 eng d
020 _a9788176491518
035 _a(BD-RjUL)37467
040 _aBD-RjUL
_beng
_cBD-RjUL
_dBD-RjUL
041 _aeng
082 _a616.079
_bLYI 2002
100 _aLydyard, P. M.
_9114526
245 _aInstant notes in immunology /
_cP. M. Lydyard, A. Whelan and M.W. Fanger.
260 _aNew Delhi :
_bViva Books,
_c2000 [reprint 2002].
300 _a318 p. :
_bill.;
_c23 cm.
500 _aIncludes index.
650 _aImmunology.
_9114527
700 _aWhelan, A.
_9114528
700 _aFanger, M.W.
_9114529
942 _2ddc
_cBK
999 _c37364
_d37364